<?xml version="1.0" encoding="UTF-8"?>
<record
    xmlns:xsi="http://www.w3.org/2001/XMLSchema-instance"
    xsi:schemaLocation="http://www.loc.gov/MARC21/slim http://www.loc.gov/standards/marcxml/schema/MARC21slim.xsd"
    xmlns="http://www.loc.gov/MARC21/slim">

  <leader>01532nam a22002657a 4500</leader>
  <controlfield tag="005">20250717114351.0</controlfield>
  <controlfield tag="008">230221b           ||||| |||| 00| 0 eng d</controlfield>
  <datafield tag="020" ind1=" " ind2=" ">
    <subfield code="a">9789354491160</subfield>
  </datafield>
  <datafield tag="040" ind1=" " ind2=" ">
    <subfield code="c">AL</subfield>
  </datafield>
  <datafield tag="041" ind1=" " ind2=" ">
    <subfield code="a">English</subfield>
  </datafield>
  <datafield tag="082" ind1=" " ind2=" ">
    <subfield code="2">23</subfield>
    <subfield code="a">070.19</subfield>
    <subfield code="b">CHAN</subfield>
  </datafield>
  <datafield tag="100" ind1=" " ind2=" ">
    <subfield code="a">Abhay Chawla</subfield>
    <subfield code="9">219172</subfield>
  </datafield>
  <datafield tag="245" ind1=" " ind2=" ">
    <subfield code="a">New Media and Online Journalism</subfield>
    <subfield code="b">: Handbook for Media Studies</subfield>
  </datafield>
  <datafield tag="260" ind1=" " ind2=" ">
    <subfield code="a">Uttar Pradesh</subfield>
    <subfield code="b">Pearson India Education Services Pvt.Ltd</subfield>
    <subfield code="c">2021</subfield>
  </datafield>
  <datafield tag="300" ind1=" " ind2=" ">
    <subfield code="a">352 p.</subfield>
    <subfield code="b">PB</subfield>
    <subfield code="c">22x15 cm.</subfield>
  </datafield>
  <datafield tag="365" ind1=" " ind2=" ">
    <subfield code="a">7849</subfield>
    <subfield code="b">&#x20B9;512.00</subfield>
    <subfield code="c">&#x20B9;</subfield>
    <subfield code="d">&#x20B9;640.00</subfield>
    <subfield code="e">20%</subfield>
    <subfield code="f">13-02-2023</subfield>
  </datafield>
  <datafield tag="520" ind1=" " ind2=" ">
    <subfield code="a">This is a first of its kind handbook for students of journalism and mass communication, creatively introducing the principles of new media and related contemporary issues in the ever-changing Indian and global media landscape. The reader is led through a panoply of examples and contemporary case studies to bring the subject alive. In the modern world, new media is providing a novel way forward for individuals, organizations and countries. It is, therefore, paramount for any contemporary student of mass communication to engage with the practices and possibilities of new media. Written as per the curriculum of leading Indian universities, this book serves as a useful guide for anyone who wants to know more about new media and online journalism.</subfield>
  </datafield>
  <datafield tag="650" ind1=" " ind2=" ">
    <subfield code="a">Online Journalism</subfield>
    <subfield code="9">72839</subfield>
  </datafield>
  <datafield tag="650" ind1=" " ind2=" ">
    <subfield code="a">Design</subfield>
    <subfield code="9">72840</subfield>
  </datafield>
  <datafield tag="650" ind1=" " ind2=" ">
    <subfield code="a">Media</subfield>
    <subfield code="9">72841</subfield>
  </datafield>
  <datafield tag="650" ind1=" " ind2=" ">
    <subfield code="a">website</subfield>
    <subfield code="9">72842</subfield>
  </datafield>
  <datafield tag="650" ind1=" " ind2=" ">
    <subfield code="a">Editing</subfield>
    <subfield code="9">72843</subfield>
  </datafield>
  <datafield tag="700" ind1=" " ind2=" ">
    <subfield code="a">Abhay Chawla</subfield>
    <subfield code="9">72844</subfield>
  </datafield>
  <datafield tag="942" ind1=" " ind2=" ">
    <subfield code="2">ddc</subfield>
    <subfield code="c">BK</subfield>
  </datafield>
  <datafield tag="999" ind1=" " ind2=" ">
    <subfield code="c">226781</subfield>
    <subfield code="d">226781</subfield>
  </datafield>
  <datafield tag="952" ind1=" " ind2=" ">
    <subfield code="0">0</subfield>
    <subfield code="1">0</subfield>
    <subfield code="2">ddc</subfield>
    <subfield code="4">0</subfield>
    <subfield code="7">3</subfield>
    <subfield code="8">JR</subfield>
    <subfield code="a">AL</subfield>
    <subfield code="b">AL</subfield>
    <subfield code="d">2023-02-20</subfield>
    <subfield code="e">Biblios Book Point Surathkal Mangalore 575014</subfield>
    <subfield code="g">512.00</subfield>
    <subfield code="l">0</subfield>
    <subfield code="o">070.19 CHAN</subfield>
    <subfield code="p">076403</subfield>
    <subfield code="r">2023-02-21 00:00:00</subfield>
    <subfield code="v">640.00</subfield>
    <subfield code="w">2023-02-21</subfield>
    <subfield code="y">REF</subfield>
  </datafield>
  <datafield tag="952" ind1=" " ind2=" ">
    <subfield code="0">0</subfield>
    <subfield code="1">0</subfield>
    <subfield code="2">ddc</subfield>
    <subfield code="4">0</subfield>
    <subfield code="7">0</subfield>
    <subfield code="8">JR</subfield>
    <subfield code="a">AL</subfield>
    <subfield code="b">AL</subfield>
    <subfield code="d">2023-02-20</subfield>
    <subfield code="e">Biblios Book Point Surathkal Mangalore 575014</subfield>
    <subfield code="g">512.00</subfield>
    <subfield code="l">1</subfield>
    <subfield code="o">070.19 CHAN</subfield>
    <subfield code="p">076404</subfield>
    <subfield code="r">2024-10-09 00:00:00</subfield>
    <subfield code="s">2024-09-30</subfield>
    <subfield code="v">640.00</subfield>
    <subfield code="w">2023-02-21</subfield>
    <subfield code="y">BK</subfield>
  </datafield>
</record>
